000 00780nam a22002297a 4500
005 20150323145309.0
010 _aENG-112232
020 _c2495.00
_a9788180386923
035 _aEN-95764
037 _bDBAD/PUB
082 _a347.540502468
100 _aMulla, Dinshaw Fardunji
245 _aThe code of civil procedure abridged /
_cby Dinshaw Fardunji Mulla ; foreworded by T.S. Thakur ; revised by B.M. Prasad [and] Manish Mohan
250 _a15th ed
260 _bLexisNexis
_c2012
_aGurgaon
270 _a14th Floor; Building No. 10 Tower -B , DLF Cyber City ,Phase-II
_bGurgaon
_e122002
300 c _acccl,2121p.
_c25cm(Hb)
500 i _aIncludes index
700 _aPrasad, B.M.
700 _aManish Mohan
942 _2ddc
_cEN
_h347.540502468
_mMUL
999 _c91815
_d91815